000 00828nam a2200229Ia 4500
003 OSt
005 20220906110643.0
008 210716s2018 xx 000 0 und d
020 _a9781788295826
040 _cAIMIT LIBRARY
041 _aeng
082 _a005.448
_21
_bPATA
100 _aPatawari, Aditya.
_956699
245 _aAnsible 2 cloud automation cookbook :
_bwrite ansible playbooks for AWS google cloud microsoft azure and openstack /
_cBy Aditya Patawari and Vikas Aggarwal.
250 _a1st ed.
260 _aMumbai :
_bPackt Publishing Ltd ,
_c2018 .
300 _aviii, 179p. ;
_bPB
_c23.5 cm.
650 _aExploring google cloud platform with ansible
_956700
650 _aRunning containers with docker and ansible
_956701
700 _aAggarwal, Vikas.
_956702
942 _2ddc
_cBK
_e1st ed.
_k005.448 PATA
999 _c196517
_d196517